00557 2200217 4500001002100000005001500021035002000036007000300056008004100059020002200100082001700122084002300139100002100162245005500183250001000238260002600248300002600274990001300300990001300313990001300326INLIS00000000000808320220302042621 a0010-0322000102ta220302 g 0 ind  a978-979-442-223-6 a352.29309598 a352.29309598 HAR m0 aHartiti Hendarto1 aMENJADI SEKRETARIS PROFESIONAL /cHartiti Hendarto acet.4 aJakarta :bPPM,c2017 b168 HLM ;c17 x 24 cm a022.6395 a022.6396 a022.6397